Geography for life : (Record no. 25777)

MARC details
000 -LEADER
fixed length control field 01572cam a2200349 a 4500
001 - CONTROL NUMBER
control field 701772
003 - CONTROL NUMBER IDENTIFIER
control field OSt
005 - DATE AND TIME OF LATEST TRANSACTION
control field 20220103114826.0
008 - FIXED-LENGTH DATA ELEMENTS--GENERAL INFORMATION
fixed length control field 941103s1994 dcuab 001 0 eng d
010 ## - LIBRARY OF CONGRESS CONTROL NUMBER
LC control number 96195508
020 ## - INTERNATIONAL STANDARD BOOK NUMBER
International Standard Book Number 0792227751
035 ## - SYSTEM CONTROL NUMBER
System control number (OCoLC)31401356
040 ## - CATALOGING SOURCE
Original cataloging agency MChB
Transcribing agency HU
Modifying agency NSpaT
-- ICIU
-- OCoLC
-- DLC
042 ## - AUTHENTICATION CODE
Authentication code lccopycat
050 04 - LIBRARY OF CONGRESS CALL NUMBER
Classification number G74
Item number .G395 1994
245 00 - TITLE STATEMENT
Title Geography for life :
Remainder of title National geography standards 1994 /
Statement of responsibility, etc. Geography Education Standards Project.
246 30 - VARYING FORM OF TITLE
Title proper/short title National geography standards 1994
246 3# - VARYING FORM OF TITLE
Display text At head of title:
Title proper/short title What every young American should know and be able to do in geography
260 ## - PUBLICATION, DISTRIBUTION, ETC.
Place of publication, distribution, etc. Washington, D.C. :
Name of publisher, distributor, etc. National Geographic Research & Exploration,
Date of publication, distribution, etc. c1994.
300 ## - PHYSICAL DESCRIPTION
Extent 272 p. :
Other physical details ill. (some col.), col. maps ;
Dimensions 26 cm.
500 ## - GENERAL NOTE
General note "Developed on behalf of the American Geographical Society, Association of American Geographers, National Council for Geographic Education, National Geographic Society."
500 ## - GENERAL NOTE
General note Includes index.
650 #0 - SUBJECT ADDED ENTRY--TOPICAL TERM
Topical term or geographic name entry element Geography
General subdivision Study and teaching
-- Standards.
9 (RLIN) 26869
710 2# - ADDED ENTRY--CORPORATE NAME
Corporate name or jurisdiction name as entry element Geography Education Standards Project (U.S.)
9 (RLIN) 26870
710 2# - ADDED ENTRY--CORPORATE NAME
Corporate name or jurisdiction name as entry element American Geographical Society of New York.
9 (RLIN) 26871
710 2# - ADDED ENTRY--CORPORATE NAME
Corporate name or jurisdiction name as entry element Association of American Geographers.
9 (RLIN) 26872
710 2# - ADDED ENTRY--CORPORATE NAME
Corporate name or jurisdiction name as entry element National Council for Geographic Education.
9 (RLIN) 26873
710 2# - ADDED ENTRY--CORPORATE NAME
Corporate name or jurisdiction name as entry element National Geographic Society (U.S.)
9 (RLIN) 15004
906 ## - LOCAL DATA ELEMENT F, LDF (RLIN)
a 7
b cbc
c copycat
d 2
e ncip
f 19
g y-gencatlg
942 ## - ADDED ENTRY ELEMENTS (KOHA)
Source of classification or shelving scheme Dewey Decimal Classification
Koha item type Books like text book referance book
Suppress in OPAC No
Holdings
Withdrawn status Lost status Source of classification or shelving scheme Damaged status Not for loan Collection code Home library Current library Shelving location Date acquired Total Checkouts Full call number Barcode Date last seen Copy number Price effective from Koha item type
    Dewey Decimal Classification     Reference Wondo Genet Library Wondo Genet Library General Stacks 01/03/2022   395 GEO 1994 WGCFNRL00009945 01/03/2022 1 01/03/2022 Books like text book referance book